| 000 -LEADER |
| fixed length control field |
00654nam a22002417a 4500 |
| 005 - DATE AND TIME OF LATEST TRANSACTION |
| control field |
20210426124813.0 |
| 008 - FIXED-LENGTH DATA ELEMENTS--GENERAL INFORMATION |
| fixed length control field |
210201b2010 ||||| |||| 00| 0 eng d |
| 020 ## - INTERNATIONAL STANDARD BOOK NUMBER |
| International Standard Book Number |
0324316941 |
| 020 ## - INTERNATIONAL STANDARD BOOK NUMBER |
| International Standard Book Number |
0324364326 |
| 020 ## - INTERNATIONAL STANDARD BOOK NUMBER |
| International Standard Book Number |
0324405367 |
| 040 ## - CATALOGING SOURCE |
| Transcribing agency |
DLC |
| 041 ## - LANGUAGE CODE |
| Language code of text/sound track or separate title |
eng |
| 080 ## - UNIVERSAL DECIMAL CLASSIFICATION NUMBER |
| Universal Decimal Classification number |
005 |
| Item number |
H-70 |
| 100 ## - MAIN ENTRY--PERSONAL NAME |
| 9 (RLIN) |
745 |
| Personal name |
Hitt,Michael A. |
| 245 ## - TITLE STATEMENT |
| Title |
Strategic Managment |
| Remainder of title |
: Competitiveness and Globalizatin: |
| Statement of responsibility, etc. |
Hitt,Michael A. |
| 260 ## - PUBLICATION, DISTRIBUTION, ETC. |
| Place of publication, distribution, etc. |
Australia |
| Name of publisher, distributor, etc. |
Thomson |
| Date of publication, distribution, etc. |
2007 |
| 300 ## - PHYSICAL DESCRIPTION |
| Extent |
428 p. : |
| Other physical details |
ill |
| 650 #0 - SUBJECT ADDED ENTRY--TOPICAL TERM |
| 9 (RLIN) |
324 |
| Topical term or geographic name entry element |
Management |
| 653 ## - INDEX TERM--UNCONTROLLED |
| Uncontrolled term |
მართვა |
| 700 ## - ADDED ENTRY--PERSONAL NAME |
| 9 (RLIN) |
747 |
| Personal name |
Ireland,R.Duanel |
| 700 ## - ADDED ENTRY--PERSONAL NAME |
| 9 (RLIN) |
748 |
| Personal name |
Hoskinsson,Robert E |
| 942 ## - ADDED ENTRY ELEMENTS (KOHA) |
| Source of classification or shelving scheme |
|
| Koha item type |
Books |